000 01358nam a2200289 i 4500
001 189393
003 SpMaBN
005 20231227134113.0
008 190529m19931997sp |||| |dspa d
020 _a84-604-7010-5
080 _a929 Ríos Urruti, Fernando de los
100 1 _aRíos, Fernando de los,
_d1879-1949
_997398
245 1 0 _aEpistolario selectivo de Fernando de los Ríos Urruti /
_cConcepción Serrano Alcaide, Manuel J. Peláez, María E. Gómez Rojo.
260 _aMálaga :
_bCátedra de Historia del Derecho y de las Instituciones ;
_aMontreal :
_bInstitut pour la Culture et la Coopération,
_c1993-1997.
300 _a3 v. ;
_c22 cm.
504 _aReferencias bibliográficas.
505 8 _aEl v. 3 contiene: ;
_tLa filosofía política en Platón: tesis doctoral, Facultad de Derecho /
_rpor Fernando del Río Urruti (p. 97-163)
600 1 4 _aRíos, Fernando de los,
_d1879-1949-
_vCorrespondencia
_997399
600 0 4 _aPlatón-
_xCrítica e interpretación.
_992599
700 1 _aSerrano Alcaide, Concepción.
_9105727
700 1 _aPeláez, Manuel J.
_9130966
700 1 _aGómez Rojo, María E.
_958143
710 2 _aUniversidad de Málaga.
_bCátedra de Historia del Derecho y de las Instituciones.
_9162592
740 3 2 _aLa filosofía política en Platón.
852 _aES-MaACL
_jL-32398-400
999 _c189393
_d189393